Užitné vzory /
Saved in:
| Main Author: | |
|---|---|
| Format: | Book |
| Language: | Czech |
| Published: |
B.m., :
Úřad průmyslového vlastnictví,
1995
|
| Edition: | 2.upr.vyd. |
| Subjects: | |
| Tags: |
No Tags, Be the first to tag this record!
|
MARC
| LEADER | 00000nam a22000003a 4500 | ||
|---|---|---|---|
| 001 | stu45930 | ||
| 005 | 20150617225715.3 | ||
| 008 | 970814s1995----cs------------------cze-d | ||
| 020 | |a 80-85100-53-3 | ||
| 040 | |a STU |b slo | ||
| 041 | 0 | |a cze | |
| 044 | |a cs | ||
| 080 | |a 347.77(094.5) | ||
| 100 | 1 | |a Jenerál, Emil |4 aut | |
| 245 | 1 | |a Užitné vzory / |c [aut.]Emil Jenerál | |
| 250 | |a 2.upr.vyd. | ||
| 260 | |a B.m., : |b Úřad průmyslového vlastnictví, |c 1995 | ||
| 300 | |a 62 s | ||
| 650 | 7 | |a Zákon patentový |2 stusub | |
| 650 | 7 | |a Vzory úžitkové |2 stusub | |
| 650 | 7 | |a zákony |2 stusub | |
| 996 | |b 284M019750 |c M*B-246 |l MMKN |s A |a 24 |w stu45930_0001 | ||